[Event "BL2 West 0001 (Women)"]
[Site "Germany"]
[Date "2000.??.??"]
[Round "?"]
[White "Pilarska, Czeslawa"]
[Black "Belostozkaja, Julia"]
[Result "1/2-1/2"]
[WhiteElo "2156"]
[BlackElo "2102"]
[PlyCount "111"]
[EventDate "2000.??.??"]
[EventType "team-tourn"]
[EventRounds "7"]
[EventCountry "GER"]
[SourceTitle "EXT 2002"]
[Source "ChessBase"]
[SourceDate "2001.11.25"]
[SourceVersion "1"]
[SourceVersionDate "2001.11.25"]
[SourceQuality "1"]

1. e4 d6 2. d4 Nf6 3. Bd3 g6 4. h3 Bg7 5. Nf3 0-0 6. 0-0 Nbd7 7. c3 c6 8. a4 e5 9. Re1 Qc7 10. Na3 a6 11. Nc4 exd4 12. Bf4 Ne8 13. cxd4 Nb6 14. Ne3 a5 15. Rc1 Qd8 16. Bg5 f6 17. Qb3+ Kh8 18. Bh4 Nd7 19. Bb1 Qb6 20. Ba2 Qxb3 21. Bxb3 Bh6 22. Rcd1 Bf4 23. Nf1 Ng7 24. Bg3 Bxg3 25. Nxg3 Nb6 26. e5 fxe5 27. dxe5 d5 28. Ng5 h6 29. Nf3 Bxh3 30. Nh4 Bf5 31. Ngxf5 gxf5 32. Ng6+ Kg8 33. Nxf8 Kxf8 34. g3 Ke7 35. Rd4 Rh8 36. Rf4 Ne6 37. Rh4 Nd7 38. Bc2 Ng7 39. Kg2 Ke6 40. g4 fxg4 41. Rxg4 Ne8 42. f4 Nc5 43. f5+ Ke7 44. Kf3 h5 45. Rh4 Kf8 46. Ke3 Na6 47. f6 Nec7 48. Bg6 Ne6 49. Rxh5 Rxh5 50. Bxh5 Nac5 51. Bg4 d4+ 52. Kd2 Ng5 53. Rh1 Nge4+ 54. Kc1 Nd3+ 55. Kb1 Nxe5 56. Bc8 1/2-1/2

[Event "POL-chT 2nd League South"]
[Site "Wisla"]
[Date "1998.??.??"]
[Round "?"]
[White "Jalowiec, Halina"]
[Black "Pilarska, Czeslawa"]
[Result "1/2-1/2"]
[WhiteElo "2155"]
[BlackElo "2150"]
[PlyCount "85"]
[EventDate "1998.11.20"]
[EventType "team-swiss"]
[EventRounds "10"]
[EventCountry "POL"]
[SourceTitle "EXT 2000"]
[Source "ChessBase"]
[SourceDate "1999.11.16"]
[SourceVersion "1"]
[SourceVersionDate "1999.11.16"]
[SourceQuality "1"]

1. e4 c5 2. Nf3 e6 3. d4 cxd4 4. Nxd4 Nf6 5. Nc3 d6 6. Be2 a6 7. 0-0 Be7 8. Be3 Qc7 9. f4 Nc6 10. Kh1 Nxd4 11. Qxd4 e5 12. fxe5 dxe5 13. Qb6 Qxb6 14. Bxb6 Be6 15. Rad1 Rc8 16. h3 Bc5 17. Bxc5 Rxc5 18. Rf3 Ke7 19. Rg3 g6 20. Rf3 Rhc8 21. g4 g5 22. Rdf1 Nd7 23. Bd3 f6 24. Nd5+ Bxd5 25. exd5 Rxd5 26. Bxh7 Rd2 27. Bf5 Rc4 28. b3 Rf4 29. Kg1 Nc5 30. Rc3 Ne6 31. a4 Nd4 32. Rc7+ Kd6 33. Rxf4 gxf4 34. Rf7 Nxf5 35. Rxf6+ Kd5 36. Rxf5 Rxc2 37. g5 Ke4 38. Rf6 Kf3 39. g6 Rc1+ 40. Kh2 Rc2+ 41. Kg1 Rc1+ 42. Kh2 Rc2+ 43. Kg1 1/2-1/2

[Event "POL-chT 53rd"]
[Site "Krynica"]
[Date "1997.09.27"]
[Round "3"]
[White "Erenska Barlo, Hanna"]
[Black "Pilarska, Czeslawa"]
[Result "1/2-1/2"]
[WhiteElo "2235"]
[BlackElo "2150"]
[PlyCount "49"]
[EventDate "1997.09.25"]
[EventType "team-tourn"]
[EventRounds "11"]
[EventCountry "POL"]
[SourceTitle "EXT 2019"]
[Source "ChessBase"]
[SourceDate "2018.10.10"]
[SourceVersion "1"]
[SourceVersionDate "2018.10.10"]
[SourceQuality "1"]
[WhiteTeam "Poznan Pocztowiec"]
[BlackTeam "Bukowno Czarny Kon"]
[WhiteTeamCountry "POL"]
[BlackTeamCountry "POL"]

1. e4 c5 2. Nc3 e6 3. f4 d5 4. Nf3 dxe4 5. Nxe4 Be7 6. Bb5+ Bd7 7. Bxd7+ Qxd7 8. d3 Nf6 9. Ne5 Qc7 10. Ng5 0-0 11. 0-0 Nc6 12. Nxc6 Qxc6 13. Qf3 Qxf3 14. Nxf3 Rfd8 15. Re1 g6 16. Bd2 Rac8 17. b3 Nd5 18. a3 Bf6 19. Ne5 Ne7 20. Rad1 Bg7 21. Kf2 Nc6 22. Nxc6 Rxc6 23. a4 Bd4+ 24. Kf3 b6 25. Re2 1/2-1/2

[Event "POL-chT reg"]
[Site "Poland"]
[Date "1995.??.??"]
[Round "?"]
[White "Gonsior, Monika"]
[Black "Pilarska, Czeslawa"]
[Result "1-0"]
[WhiteElo "2120"]
[BlackElo "2145"]
[PlyCount "32"]
[EventDate "1995.??.??"]
[EventType "team"]
[EventRounds "11"]
[EventCountry "POL"]
[SourceTitle "EXT 2001"]
[Source "ChessBase"]
[SourceDate "2000.11.22"]
[SourceVersion "1"]
[SourceVersionDate "2000.11.22"]
[SourceQuality "1"]

1. e4 c5 2. Nf3 e6 3. c4 d6 4. Nc3 Nf6 5. d4 cxd4 6. Nxd4 Be7 7. Be3 0-0 8. Be2 a6 9. Qd2 Qc7 10. Rc1 b6 11. 0-0 Bb7 12. f3 Nbd7 13. a3 Rac8 14. Kh1 Qb8 15. b4 Ne5 16. Nd1 Rfe8 1-0

[Event "POL-ch (Women)"]
[Site "Gdansk"]
[Date "1994.??.??"]
[Round "9"]
[White "Pilarska, Czeslawa"]
[Black "Blimke, Dalia"]
[Result "1/2-1/2"]
[WhiteElo "2170"]
[BlackElo "2085"]
[PlyCount "106"]
[EventDate "1994.??.??"]
[EventType "tourn"]
[EventRounds "13"]
[EventCountry "POL"]
[SourceTitle "EXT 1997"]
[Source "ChessBase"]
[SourceDate "1996.11.15"]
[SourceVersion "1"]
[SourceVersionDate "1996.11.15"]
[SourceQuality "1"]

1. e4 c5 2. Nf3 Nc6 3. d4 cxd4 4. Nxd4 Qc7 5. Nc3 e6 6. Be3 a6 7. Bd3 Nf6 8. 0-0 Ne5 9. h3 Bc5 10. Kh1 d6 11. Be2 0-0 12. f4 Ng6 13. f5 exf5 14. exf5 Ne5 15. Bg5 Ned7 16. Bf3 Re8 17. a3 Rb8 18. Nb3 Be3 19. Bh4 b5 20. Nd5 Nxd5 21. Bxd5 Nb6 22. c3 Nxd5 23. Qxd5 Bb7 24. Qd1 Qc6 25. Qc2 Qc4 26. Bg3 Be4 27. Qd1 Qc6 28. Qe2 Bb6 29. Nd4 Bxd4 30. cxd4 Bxf5 31. Qf2 Bg6 32. Rac1 Qd7 33. Qf4 Re6 34. Qd2 Rbe8 35. Qb4 Bd3 36. Rf2 Bc4 37. Kh2 Rg6 38. a4 Qe6 39. Qa5 h6 40. axb5 Qe3 41. Rc3 Qxd4 42. bxa6 d5 43. Qc7 Re1 44. Qxf7+ Kh7 45. a7 Qd1 46. Qxg6+ Kxg6 47. Bb8 Rh1+ 48. Kg3 Qh5 49. Bf4 Kh7 50. a8Q Qg6+ 51. Kf3 Qe4+ 52. Kg3 Qg6+ 53. Kf3 Qe4+ 1/2-1/2

[Event "POL-ch (Women)"]
[Site "Gdansk"]
[Date "1994.??.??"]
[Round "3"]
[White "Pilarska, Czeslawa"]
[Black "Leszner, Liliana"]
[Result "1/2-1/2"]
[WhiteElo "2170"]
[BlackElo "2190"]
[PlyCount "23"]
[EventDate "1994.??.??"]
[EventType "tourn"]
[EventRounds "13"]
[EventCountry "POL"]
[SourceTitle "EXT 1997"]
[Source "ChessBase"]
[SourceDate "1996.11.15"]
[SourceVersion "1"]
[SourceVersionDate "1996.11.15"]
[SourceQuality "1"]

1. e4 e5 2. Nf3 Nc6 3. Bb5 a6 4. Ba4 b5 5. Bb3 Nf6 6. d3 d6 7. c3 Be7 8. Nbd2 0-0 9. Nf1 Na5 10. Bc2 c5 11. Ng3 Re8 12. 0-0 1/2-1/2

[Event "POL-ch (Women)"]
[Site "Gdansk"]
[Date "1994.??.??"]
[Round "7"]
[White "Pilarska, Czeslawa"]
[Black "Socko, Monika"]
[Result "0-1"]
[WhiteElo "2170"]
[BlackElo "2165"]
[PlyCount "64"]
[EventDate "1994.??.??"]
[EventType "tourn"]
[EventRounds "13"]
[EventCountry "POL"]
[SourceTitle "EXT 1997"]
[Source "ChessBase"]
[SourceDate "1996.11.15"]
[SourceVersion "1"]
[SourceVersionDate "1996.11.15"]
[SourceQuality "1"]

1. e4 e6 2. d4 d5 3. Nd2 Nf6 4. e5 Nfd7 5. Bd3 c5 6. c3 Nc6 7. Ne2 cxd4 8. cxd4 f6 9. exf6 Qxf6 10. Nf3 Bd6 11. Bg5 Qf7 12. 0-0 0-0 13. Bh4 h6 14. Rc1 e5 15. dxe5 Ndxe5 16. Nxe5 Bxe5 17. Bb1 g5 18. Bg3 Bxb2 19. Rc5 Bg4 20. f3 Be6 21. Qc2 Bf6 22. Kh1 a6 23. Qd2 Rad8 24. f4 Be7 25. Rcc1 Bb4 26. Qb2 Qe7 27. Rcd1 Bg4 28. Bd3 Rde8 29. fxg5 Rxf1+ 30. Rxf1 Bxe2 31. Bxe2 Qxe2 32. Rf8+ Bxf8 0-1

[Event "POL-chT 49th"]
[Site "Lubniewice"]
[Date "1993.??.??"]
[Round "8"]
[White "Brustman, Agnieszka"]
[Black "Pilarska, Czeslawa"]
[Result "1-0"]
[WhiteElo "2280"]
[BlackElo "2210"]
[PlyCount "55"]
[EventDate "1993.09.23"]
[EventType "team-tourn"]
[EventRounds "11"]
[EventCountry "POL"]
[SourceTitle "EXT 2019"]
[Source "ChessBase"]
[SourceDate "2018.10.10"]
[SourceVersion "1"]
[SourceVersionDate "2018.10.10"]
[SourceQuality "1"]
[WhiteTeam "Warszawa Polonia"]
[BlackTeam "Gryfow Slaski Hetman"]
[WhiteTeamCountry "POL"]
[BlackTeamCountry "POL"]

1. e4 c5 2. Nf3 e6 3. d4 cxd4 4. Nxd4 Nf6 5. Nc3 d6 6. g4 a6 7. g5 Nfd7 8. Be3 b5 9. a3 Bb7 10. h4 Qc7 11. h5 Ne5 12. Rh3 Nbc6 13. f4 Nxd4 14. Qxd4 Nc6 15. Qd2 Na5 16. Bd4 h6 17. Qf2 Nc6 18. Bb6 Qd7 19. 0-0-0 hxg5 20. fxg5 Ne5 21. Bd4 Qc7 22. Bxe5 dxe5 23. Nxb5 Qa5 24. b4 Bxb4 25. axb4 Qa1+ 26. Kd2 Rd8+ 27. Rd3 Rxd3+ 28. Bxd3 1-0

[Event "POL-chT 49th"]
[Site "Lubniewice"]
[Date "1993.??.??"]
[Round "6"]
[White "Erenska Barlo, Hanna"]
[Black "Pilarska, Czeslawa"]
[Result "1-0"]
[WhiteElo "2210"]
[BlackElo "2210"]
[PlyCount "31"]
[EventDate "1993.09.23"]
[EventType "team-tourn"]
[EventRounds "11"]
[EventCountry "POL"]
[SourceTitle "TD"]
[Source "ChessBase"]
[SourceDate "1994.03.01"]
[SourceVersion "1"]
[SourceVersionDate "1994.03.01"]
[SourceQuality "1"]
[WhiteTeam "Poznan Pocztowiec"]
[BlackTeam "Gryfow Slaski Hetman"]
[WhiteTeamCountry "POL"]
[BlackTeamCountry "POL"]

1. e4 c5 2. Nc3 Nc6 3. g3 g6 4. Bg2 Bg7 5. d3 d6 6. f4 e6 7. Nf3 Rb8 8. 0-0 Nge7 9. Be3 Nd4 10. Qd2 b5 11. a3 a5 12. Rae1 b4 13. axb4 axb4 14. Nd1 b3 15. Bxd4 bxc2 16. Bxg7 1-0

[Event "POL-ch (Women)"]
[Site "Lublin"]
[Date "1993.??.??"]
[Round "7"]
[White "Pilarska, Czeslawa"]
[Black "Erenska Barlo, Hanna"]
[Result "0-1"]
[WhiteElo "2170"]
[BlackElo "2280"]
[PlyCount "97"]
[EventDate "1993.??.??"]
[EventType "tourn"]
[EventRounds "13"]
[EventCountry "POL"]
[SourceTitle "EXT 1999"]
[Source "ChessBase"]
[SourceDate "1998.11.16"]
[SourceVersion "1"]
[SourceVersionDate "1998.11.16"]
[SourceQuality "1"]

1. e4 c5 2. Nf3 a6 3. c4 e6 4. d4 cxd4 5. Nxd4 Ne7 6. Nc3 Nec6 7. Nc2 Qc7 8. g3 d6 9. Bg2 Ne5 10. b3 b5 11. 0-0 bxc4 12. bxc4 Nxc4 13. Ne3 Nd7 14. Nxc4 Qxc4 15. Bd2 Be7 16. Rc1 Qd3 17. Re1 0-0 18. e5 d5 19. Re3 Qd4 20. Ne2 Qa7 21. Rec3 Qb8 22. f4 Bd8 23. Be3 Bb6 24. Nd4 Bb7 25. Kh1 Qa7 26. a4 Rac8 27. Rxc8 Rxc8 28. Rxc8+ Bxc8 29. Qc2 Qc7 30. Nc6 Bb7 31. Nd4 Qxc2 32. Nxc2 Bxe3 33. Nxe3 Nc5 34. a5 Nb3 35. Nc2 Nxa5 36. Kg1 Nc6 37. Kf2 Kf8 38. Ke3 Ke7 39. Nd4 Kd7 40. Kd3 Kc7 41. Nb3 Kb6 42. Kc3 a5 43. Nd2 Ba6 44. Kb3 Nd4+ 45. Ka3 Kb5 46. Nb1 Nc2+ 47. Kb3 Ne3 48. Bf3 Nf1 49. Na3+ 0-1

[Event "POL-ch (Women)"]
[Site "Lublin"]
[Date "1993.??.??"]
[Round "11"]
[White "Pilarska, Czeslawa"]
[Black "Lewandowska, Katarzyna"]
[Result "1/2-1/2"]
[WhiteElo "2170"]
[BlackElo "2170"]
[PlyCount "27"]
[EventDate "1993.??.??"]
[EventType "tourn"]
[EventRounds "13"]
[EventCountry "POL"]
[SourceTitle "EXT 1999"]
[Source "ChessBase"]
[SourceDate "1998.11.16"]
[SourceVersion "1"]
[SourceVersionDate "1998.11.16"]
[SourceQuality "1"]

1. e4 c5 2. Nc3 Nc6 3. g3 g6 4. Bg2 Bg7 5. d3 e6 6. Be3 d6 7. Qd2 Rb8 8. Nge2 Nd4 9. Nc1 Qa5 10. 0-0 b5 11. f4 Ne7 12. Qf2 0-0 13. Nd1 b4 14. c3 1/2-1/2

[Event "POL-ch (Women)"]
[Site "Lublin"]
[Date "1993.??.??"]
[Round "1"]
[White "Pilarska, Czeslawa"]
[Black "Szczygiel, Agnieszka"]
[Result "1-0"]
[WhiteElo "2170"]
[BlackElo "2135"]
[PlyCount "147"]
[EventDate "1993.??.??"]
[EventType "tourn"]
[EventRounds "13"]
[EventCountry "POL"]
[SourceTitle "EXT 1999"]
[Source "ChessBase"]
[SourceDate "1998.11.16"]
[SourceVersion "1"]
[SourceVersionDate "1998.11.16"]
[SourceQuality "1"]

1. e4 e5 2. Bc4 Nf6 3. d3 d5 4. exd5 Nxd5 5. h3 Nc6 6. Nf3 Bc5 7. 0-0 0-0 8. Bg5 f6 9. Nc3 Be6 10. Bd2 Qd7 11. Qe2 Nde7 12. Bxe6+ Qxe6 13. Ne4 Bb6 14. Ng3 Qf7 15. a4 a5 16. Kh1 Nd4 17. Nxd4 Bxd4 18. c3 Bb6 19. f4 exf4 20. Bxf4 Nd5 21. Bd2 Rae8 22. Qg4 Be3 23. Be1 Qg6 24. Qxg6 hxg6 25. d4 Re6 26. c4 Nb4 27. d5 Re5 28. Bc3 Re7 29. Rad1 Bc5 30. Rfe1 Rfe8 31. Rxe7 Rxe7 32. Re1 Rxe1+ 33. Bxe1 Bd4 34. Bxb4 axb4 35. b3 f5 36. Ne2 Be3 37. g3 g5 38. Kg2 Kf7 39. Kf3 Bc5 40. Nc1 b6 41. Nd3 Bd6 42. c5 Be7 43. d6 Bd8 44. dxc7 Bxc7 45. cxb6 Bxb6 46. Nxb4 Ke6 47. Nc2 g6 48. Ne3 Bc7 49. g4 f4 50. Nc4 Kd5 51. Nd2 Bd8 52. Ne4 Kd4 53. a5 Bxa5 54. Nxg5 Ke5 55. h4 Be1 56. h5 gxh5 57. gxh5 Kf6 58. Nh3 Bd2 59. Ke4 f3 60. Kxf3 Kf5 61. Nf2 Bb4 62. Nh3 Ba5 63. Ke3 Bb4 64. Kd4 Bf8 65. Kd5 Kg4 66. Ke6 Kxh3 67. Kf7 Bh6 68. b4 Kg4 69. Kg6 Be3 70. b5 Kf4 71. h6 Ke4 72. h7 Bd4 73. b6 Bxb6 74. h8Q 1-0

[Event "POL-chT 49th"]
[Site "Lubniewice"]
[Date "1993.??.??"]
[Round "3"]
[White "Pilarska, Czeslawa"]
[Black "Zietek Czerwonska, Beata"]
[Result "1/2-1/2"]
[WhiteElo "2210"]
[BlackElo "2135"]
[PlyCount "106"]
[EventDate "1993.09.23"]
[EventType "team-tourn"]
[EventRounds "11"]
[EventCountry "POL"]
[SourceTitle "TD"]
[Source "ChessBase"]
[SourceDate "1994.03.01"]
[SourceVersion "1"]
[SourceVersionDate "1994.03.01"]
[SourceQuality "1"]
[WhiteTeam "Gryfow Slaski Hetman"]
[BlackTeam "Legnica Miedz"]
[WhiteTeamCountry "POL"]
[BlackTeamCountry "POL"]

1. e4 d6 2. d4 Nf6 3. Nc3 g6 4. Bc4 Bg7 5. Qe2 e5 6. dxe5 dxe5 7. Bd2 Nc6 8. 0-0-0 Nd4 9. Qd3 c6 10. a3 b5 11. Ba2 a5 12. Nce2 c5 13. Nxd4 c4 14. Nc6 cxd3 15. Nxd8 Kxd8 16. cxd3 Ke7 17. Be3 Rd8 18. f3 Ba6 19. Bb6 Rdc8+ 20. Kb1 Bb7 21. Ne2 Bh6 22. Bf2 Ra6 23. d4 exd4 24. Nxd4 b4 25. a4 Nd7 26. Rhe1 Nc5 27. Bc4 Rd6 28. e5 Rdd8 29. Bb5 Ne6 30. Nb3 Nf4 31. Bc5+ Ke6 32. Nd4+ Rxd4 33. Bxd4 Nxg2 34. Rf1 Nf4 35. Bb6 Kxe5 36. Bxa5 Nd5 37. Rxd5+ Bxd5 38. Bxb4 Bb3 39. Bc3+ Kf5 40. Bd3+ Ke6 41. a5 Bf4 42. Re1+ Kd6 43. Re2 f5 44. Bd2 Be5 45. Be3 Rb8 46. Bb6 Bf4 47. Bc2 Bc4 48. Rf2 Re8 49. b3 Re1+ 50. Kb2 Bb5 51. Bd4 Kd5 52. Bc3 Re8 53. b4 Rc8 1/2-1/2

[Event "Katowice Fibak op"]
[Site "Katowice"]
[Date "1993.??.??"]
[Round "3"]
[White "Pilarska, Czeslawa"]
[Black "Zimmerman, Yuri"]
[Result "1/2-1/2"]
[WhiteElo "2170"]
[BlackElo "2410"]
[PlyCount "119"]
[EventDate "1993.01.??"]
[EventType "swiss"]
[EventRounds "9"]
[EventCountry "POL"]
[SourceTitle "EXT 1998"]
[Source "ChessBase"]
[SourceDate "1997.11.17"]
[SourceVersion "1"]
[SourceVersionDate "1997.11.17"]
[SourceQuality "1"]

1. e4 d6 2. d4 Nf6 3. Nc3 g6 4. Nf3 Bg7 5. Be2 0-0 6. h3 b6 7. 0-0 Bb7 8. e5 dxe5 9. Nxe5 Na6 10. Bf3 Bxf3 11. Nxf3 c5 12. Be3 Nd5 13. Nxd5 Qxd5 14. dxc5 Qxd1 15. Raxd1 Nxc5 16. Bd4 Rfd8 17. Rfe1 e6 18. Bxg7 Kxg7 19. b3 a5 20. Ne5 b5 21. c4 b4 22. Kf1 a4 23. bxa4 Rxd1 24. Rxd1 Rxa4 25. Rb1 Ne4 26. Rb2 Nc3 27. Nd3 Rxa2 28. Rxb4 Ra1+ 29. Ne1 Rc1 30. Rb2 Ne4 31. Rc2 Rxc2 32. Nxc2 Nd2+ 33. Ke2 Nxc4 34. h4 e5 35. g3 f5 36. Kd3 Nd6 37. Nb4 Kf7 38. Ke3 Ke6 39. Kf3 Nb5 40. Ke3 Nc7 41. Kf3 Nd5 42. Nc2 e4+ 43. Ke2 Ke5 44. f3 Nf6 45. Ke3 Nh5 46. Kf2 Kd5 47. Ne3+ Kd4 48. Ng2 Kd3 49. g4 fxg4 50. fxg4 Nf6 51. Ne3 h5 52. gxh5 gxh5 53. Nf5 Kd2 54. Ng3 Ng4+ 55. Kg2 e3 56. Kf3 Kd1 57. Kf4 Kd2 58. Nf1+ Ke2 59. Nxe3 Nxe3 60. Kg5 1/2-1/2

[Event "Wisla BES op"]
[Site "Wisla"]
[Date "1992.??.??"]
[Round "1"]
[White "Pilarska, Czeslawa"]
[Black "Nikolenko, Oleg"]
[Result "0-1"]
[WhiteElo "2145"]
[BlackElo "2465"]
[PlyCount "74"]
[EventDate "1992.??.??"]
[EventType "swiss"]
[EventRounds "9"]
[EventCountry "POL"]
[SourceTitle "TD"]
[Source "ChessBase"]
[SourceDate "1994.03.01"]
[SourceVersion "1"]
[SourceVersionDate "1994.03.01"]
[SourceQuality "1"]

1. e4 e6 2. d4 d5 3. Nd2 c5 4. exd5 exd5 5. Bb5+ Bd7 6. Qe2+ Be7 7. dxc5 Nf6 8. Ngf3 0-0 9. 0-0 Re8 10. Nb3 Bxc5 11. Qd3 Bb6 12. Bg5 Bxb5 13. Qxb5 Nbd7 14. Rad1 Qc7 15. Nbd4 a6 16. Qd3 Nc5 17. Qf5 Nce4 18. Bc1 Bc5 19. Rfe1 Qa5 20. a3 g6 21. Qh3 Qb6 22. g3 a5 23. Rd3 Re7 24. Red1 Rae8 25. b3 h5 26. Bb2 Ng4 27. Rf1 Qf6 28. Qg2 Nexf2 29. Rxf2 Nxf2 30. Qxf2 Re2 31. Qf1 Rxc2 32. Ba1 Ree2 33. Rd1 Ra2 34. b4 axb4 35. axb4 Bb6 36. Kh1 Rf2 37. Qd3 Rxh2+ 0-1

[Event "POL-chT 47th"]
[Site "Mikolajki"]
[Date "1991.09.??"]
[Round "1"]
[White "Pilarska, Czeslawa"]
[Black "Lewandowska, Katarzyna"]
[Result "1-0"]
[WhiteElo "2205"]
[BlackElo "2145"]
[PlyCount "56"]
[EventDate "1991.09.20"]
[EventType "team-swiss"]
[EventRounds "9"]
[EventCountry "POL"]
[SourceTitle "EXT 2019"]
[Source "ChessBase"]
[SourceDate "2018.10.10"]
[SourceVersion "1"]
[SourceVersionDate "2018.10.10"]
[SourceQuality "1"]
[WhiteTeam "Krakow KKSz-Hutnik"]
[BlackTeam "Katowice Kolejarz"]
[WhiteTeamCountry "POL"]
[BlackTeamCountry "POL"]

1. e4 d5 2. exd5 Nf6 3. Nf3 Nxd5 4. d4 g6 5. Be2 Bg7 6. 0-0 0-0 7. Na3 Nc6 8. Nc4 Nb6 9. c3 Nxc4 10. Bxc4 Bg4 11. h3 Bxf3 12. Qxf3 e5 13. d5 Ne7 14. Bg5 Qd6 15. Rad1 f6 16. Bc1 f5 17. Rfe1 Kh8 18. h4 h6 19. Bf1 Qf6 20. h5 g5 21. Qe2 Rad8 22. Qb5 b6 23. Bc4 Rd6 24. b3 Rfd8 25. Ba3 R6d7 26. Bxe7 Qxe7 27. Be2 Qf7 28. c4 g4 1-0

[Event "POL-ch (Women)"]
[Site "Poland"]
[Date "1991.??.??"]
[Round "5"]
[White "Pilarska, Czeslawa"]
[Black "Dabrowska, Krystyna"]
[Result "1-0"]
[WhiteElo "2145"]
[BlackElo "2185"]
[PlyCount "127"]
[EventDate "1991.??.??"]
[EventType "tourn"]
[EventRounds "13"]
[EventCountry "POL"]
[SourceTitle "EXT 1997"]
[Source "ChessBase"]
[SourceDate "1996.11.15"]
[SourceVersion "1"]
[SourceVersionDate "1996.11.15"]
[SourceQuality "1"]

1. e4 e5 2. Nf3 Nc6 3. Bb5 a6 4. Ba4 Nf6 5. 0-0 Be7 6. Bxc6 dxc6 7. d3 Nd7 8. Nbd2 c5 9. Nc4 Bd6 10. Bg5 f6 11. Bd2 b5 12. Nxd6+ cxd6 13. a4 b4 14. Nh4 0-0 15. Qg4 Nb8 16. Qg3 Kh8 17. c3 Nc6 18. Nf5 Bxf5 19. exf5 bxc3 20. bxc3 Qd7 21. Qf3 Rab8 22. Rab1 Ne7 23. g4 Qxa4 24. Ra1 Qc2 25. Rfd1 Rb6 26. Rac1 Qa2 27. Ra1 Qg8 28. Be3 Nc6 29. d4 Qc4 30. Rac1 Rfb8 31. Kg2 h6 32. h4 Na5 33. dxc5 dxc5 34. g5 R6b7 35. Rd6 Qf7 36. Rcd1 Rf8 37. Rxa6 Nc4 38. g6 Qe7 39. Re6 Qc7 40. Rc6 Qb8 41. Bxc5 Re8 42. Bd6 Nxd6 43. Rcxd6 Rc7 44. Qd3 Qa8+ 45. f3 Rcc8 46. Kg3 Qa4 47. Rd7 Qf4+ 48. Kh3 e4 49. fxe4 h5 50. Qd2 Kg8 51. Qa2+ Kh8 52. Qe2 Rxc3+ 53. R1d3 Rxd3+ 54. Rxd3 Kg8 55. Qa2+ Kh8 56. Qe2 Kg8 57. Re3 Rc8 58. Qf3 Qh6 59. e5 fxe5 60. Qd5+ Kh8 61. Qxe5 Rf8 62. Qe7 Kg8 63. Qe6+ Kh8 64. Kg3 1-0

[Event "POL-ch (Women)"]
[Site "Poland"]
[Date "1991.??.??"]
[Round "7"]
[White "Pilarska, Czeslawa"]
[Black "Gasik, Jadwiga"]
[Result "1-0"]
[WhiteElo "2145"]
[BlackElo "2020"]
[PlyCount "97"]
[EventDate "1991.??.??"]
[EventType "tourn"]
[EventRounds "13"]
[EventCountry "POL"]
[SourceTitle "EXT 1997"]
[Source "ChessBase"]
[SourceDate "1996.11.15"]
[SourceVersion "1"]
[SourceVersionDate "1996.11.15"]
[SourceQuality "1"]

1. e4 c6 2. d3 d5 3. Nd2 Nd7 4. Ngf3 dxe4 5. dxe4 g6 6. Bc4 Bg7 7. 0-0 Ngf6 8. Re1 e5 9. c3 0-0 10. Bf1 Qc7 11. Nc4 b5 12. Nd6 Rd8 13. Nxc8 Raxc8 14. Qc2 Nc5 15. h3 Rd7 16. b4 Ne6 17. a4 a5 18. bxa5 Qxa5 19. Nxe5 Rb7 20. Nf3 Nc5 21. Bd2 Nxa4 22. e5 Nd7 23. c4 Qd8 24. Rac1 Nab6 25. cxb5 cxb5 26. Qe4 Rbb8 27. Bg5 Qe8 28. Bxb5 Rxc1 29. Bxc1 Qe6 30. Bf4 Nc5 31. Qe3 Nd5 32. Qxc5 Nxf4 33. Nd4 Qa2 34. Qd6 Rf8 35. Bf1 Ne6 36. Nxe6 Qxe6 37. Qxe6 fxe6 38. Bc4 Kf7 39. f4 h6 40. g3 Ke7 41. Rb1 Rd8 42. Rb6 g5 43. Rxe6+ Kf8 44. f5 Rd4 45. Bf1 Kf7 46. Be2 Re4 47. Bh5+ Kg8 48. f6 Bf8 49. Re8 1-0

[Event "POL-ch (Women)"]
[Site "Poland"]
[Date "1991.??.??"]
[Round "13"]
[White "Sikora Gizynska, Bozena"]
[Black "Pilarska, Czeslawa"]
[Result "1/2-1/2"]
[WhiteElo "2205"]
[BlackElo "2145"]
[PlyCount "26"]
[EventDate "1991.??.??"]
[EventType "tourn"]
[EventRounds "13"]
[EventCountry "POL"]
[SourceTitle "EXT 1997"]
[Source "ChessBase"]
[SourceDate "1996.11.15"]
[SourceVersion "1"]
[SourceVersionDate "1996.11.15"]
[SourceQuality "1"]

1. e4 c5 2. Nf3 e6 3. d4 cxd4 4. Nxd4 Nf6 5. Nc3 d6 6. Be2 Be7 7. 0-0 a6 8. a4 0-0 9. Kh1 Qc7 10. f4 Nc6 11. Be3 Re8 12. Qe1 Nxd4 13. Bxd4 e5 1/2-1/2

[Event "POL-ch (Women)"]
[Site "Poland"]
[Date "1991.??.??"]
[Round "6"]
[White "Slabek, Agnieszka"]
[Black "Pilarska, Czeslawa"]
[Result "0-1"]
[WhiteElo "2165"]
[BlackElo "2145"]
[PlyCount "74"]
[EventDate "1991.??.??"]
[EventType "tourn"]
[EventRounds "13"]
[EventCountry "POL"]
[SourceTitle "EXT 1997"]
[Source "ChessBase"]
[SourceDate "1996.11.15"]
[SourceVersion "1"]
[SourceVersionDate "1996.11.15"]
[SourceQuality "1"]

1. e4 c5 2. Nf3 e6 3. d4 cxd4 4. Nxd4 Nc6 5. Nb5 d6 6. c4 Nf6 7. N1c3 a6 8. Na3 b6 9. Be2 Bb7 10. f3 Be7 11. 0-0 0-0 12. Be3 Rc8 13. Rc1 Nb8 14. Qb3 Nbd7 15. Rfd1 Qc7 16. Bf1 Qb8 17. Rd2 Bd8 18. Qd1 Bc7 19. Bf4 Ne5 20. Kh1 h6 21. Qe2 Ng6 22. Be3 d5 23. cxd5 exd5 24. Nxd5 Bxd5 25. exd5 Bxh2 26. Rcd1 Nh5 27. Bf2 Rcd8 28. Qxa6 Ng3+ 29. Kxh2 Nxf1+ 30. Kg1 Nxd2 31. Rxd2 Qf4 32. Rd1 Ne5 33. Bxb6 Rd6 34. Qa5 Nxf3+ 35. gxf3 Qxf3 36. Rd2 Rg6+ 37. Kh2 Qh5# 0-1

[Event "POL-chT 46th prel"]
[Site "Bydgoszcz"]
[Date "1990.09.21"]
[Round "6"]
[White "Sikora Gizynska, Bozena"]
[Black "Pilarska, Czeslawa"]
[Result "0-1"]
[WhiteElo "2250"]
[BlackElo "2060"]
[PlyCount "51"]
[EventDate "1990.09.16"]
[EventType "team-swiss"]
[EventRounds "6"]
[EventCountry "POL"]
[SourceTitle "EXT 2019"]
[Source "ChessBase"]
[SourceDate "2018.10.10"]
[SourceVersion "1"]
[SourceVersionDate "2018.10.10"]
[SourceQuality "1"]
[WhiteTeam "Bielsko-Biala Wlokniarz"]
[BlackTeam "Krakow KKSz-Hutnik"]
[WhiteTeamCountry "POL"]
[BlackTeamCountry "POL"]

1. e4 c5 2. Nf3 e6 3. d4 cxd4 4. Nxd4 Nf6 5. Nc3 d6 6. Be2 Be7 7. 0-0 0-0 8. Kh1 a6 9. f4 Qc7 10. Qe1 Nc6 11. Be3 Bd7 12. Qg3 b5 13. a3 Nxd4 14. Bxd4 Bc6 15. Rae1 Qb7 16. Bd3 a5 17. e5 dxe5 18. Bxe5 Nh5 19. Qh3 g6 20. f5 exf5 21. Bxf5 gxf5 22. Qxh5 Bxg2+ 23. Kg1 Bxf1 24. Kxf1 Qh1+ 25. Ke2 Qg2+ 26. Ke3 0-1